Fences : a play by August Wilson ; introduction by Lloyd Richards. (Record no. 40423)

MARC details
000 -LEADER
fixed length control field 00442nam a2200181Ia 4500
020 ## - INTERNATIONAL STANDARD BOOK NUMBER
ISBN 0785796118
050 ## - CALL MARK
Classification number PS 3573 .W55/
100 ## - STATEMENT OF RESPONSIBILITY--MAIN AUTHOR NAME
Personal name Wilson August.
245 #0 - TITLE STATEMENT
Title Fences : a play by August Wilson ; introduction by Lloyd Richards.
260 ## - PUBLICATION, DISTRIBUTION, ETC. (IMPRINT)
Place of publication New York
260 ## - PUBLICATION, DISTRIBUTION, ETC. (IMPRINT)
Name of publisher Plume
260 ## - PUBLICATION, DISTRIBUTION, ETC. (IMPRINT)
Year of publication 1986
300 ## - PHYSICAL DESCRIPTION
Number of Pages 101 p
650 ## - SUBJECT ADDED ENTRY--TOPICAL TERM
Topical Term New York
942 ## - ADDED ENTRY ELEMENTS (KOHA)
Koha item type Books
Holdings
Withdrawn status Lost status Source of classification or shelving scheme Damaged status Not for loan Permanent Location Current Location Shelving location Date acquired Accession Number Price effective from Koha item type
    Library of Congress Classification     NILE UNIVERSITY OF NIGERIA - MAIN LIBRARY NILE UNIVERSITY OF NIGERIA - MAIN LIBRARY Items on shelf 06/03/2025 0194904 06/03/2025 Books
    Library of Congress Classification     NILE UNIVERSITY OF NIGERIA - MAIN LIBRARY NILE UNIVERSITY OF NIGERIA - MAIN LIBRARY Items on shelf 06/03/2025 0194906 06/03/2025 Books